<?xml version="1.0" encoding="UTF-8"?>
<collection xmlns="http://www.loc.gov/MARC21/slim">
 <record>
  <leader>     na                 </leader>
  <controlfield tag="001">INLIS000000000014817</controlfield>
  <controlfield tag="005">20250918100715</controlfield>
  <datafield tag="035" ind1=" " ind2=" ">
   <subfield code="a">0010-0925000014</subfield>
  </datafield>
  <datafield tag="245" ind1="1" ind2=" ">
   <subfield code="a">Shalawat, zikir, dan doa :</subfield>
   <subfield code="b">dengan makna yang sesuai tuntunan dari alquran dan hadis /</subfield>
   <subfield code="c">Imam Assobar</subfield>
  </datafield>
  <datafield tag="100" ind1="0" ind2=" ">
   <subfield code="a">Imam Assobar</subfield>
  </datafield>
  <datafield tag="300" ind1=" " ind2=" ">
   <subfield code="a">240 hlm.; 18 cm.</subfield>
  </datafield>
  <datafield tag="260" ind1=" " ind2=" ">
   <subfield code="a">Jakarta :</subfield>
   <subfield code="b">Pustaka Arrahman,</subfield>
   <subfield code="c">2018</subfield>
  </datafield>
  <datafield tag="082" ind1=" " ind2=" ">
   <subfield code="a">297.382 4</subfield>
  </datafield>
  <datafield tag="084" ind1=" " ind2=" ">
   <subfield code="a">297.382 4 IMA s</subfield>
  </datafield>
  <datafield tag="020" ind1=" " ind2=" ">
   <subfield code="a">978-602-6587-43-5</subfield>
  </datafield>
  <datafield tag="650" ind1=" " ind2=" ">
   <subfield code="a">Doa dan zikir</subfield>
  </datafield>
  <datafield tag="520" ind1=" " ind2=" ">
   <subfield code="a">Buku ini menyajikan rangkaian doa-doa dan zikir dari berbagai sumber yang ma'tsur (sumber yang berasal dari ayat-ayat Alquran dan Hadis Nabi) maupun yang ghairu ma'tsur (sumber dari referensi para ulama-ulama). Disajikan dengan desain ilustrasi motif tapis yang menawan.&#13;
&#13;
Makna-makna yang terkandung dalam setiap ritual dari ibadah shalawat, zikir dan doa diuraikan secara mendalam dan sistematis.&#13;
&#13;
Ini buku yang tepat bagi anda yang ingin menjalin sebuah hubungan yang erat dengan Allah SWT dan Rasulullah SAW. Hubungan yang datang mendatangkan kasih-sayang, perhatian dan pertolongan Allah SWT melalui Shalawat, Zikir dan Doa.</subfield>
  </datafield>
  <controlfield tag="008">250918                d          0 ind  </controlfield>
  <datafield tag="990" ind1=" " ind2=" ">
   <subfield code="a">025.4059/PC/25</subfield>
  </datafield>
  <datafield tag="990" ind1=" " ind2=" ">
   <subfield code="a">025.4060/PC/25</subfield>
  </datafield>
  <datafield tag="990" ind1=" " ind2=" ">
   <subfield code="a">025.4061/PC/25</subfield>
  </datafield>
 </record>
</collection>
